Hoàng Sa, Trường Sa là của Việt Nam sưu tập những báo cáo khoa học, bài báo và tư liệu mới về chủ quyền của Việt Nam đối với hai quần đảo Hoàng Sa và Trường Sa
Chủ quyền của Việt Nam đối với Hoàng Sa và Trường Sa - cơ sở lịch sử và pháp lý quốc tế; Bối cảnh và giải pháp cho tranh chấp trên Biển Đông.
Đã lưu trong:
| 其他作者: | , , , , |
|---|---|
| 格式: | 图书 |
| 语言: | Vietnamese |
| 出版: |
Tp.HCM
Trẻ
2008
|
| 丛编: | Tủ sách kiến thức. Saigon Times Foundation
|
| 主题: | |
| 标签: |
添加标签
没有标签, 成为第一个标记此记录!
|
| Thư viện lưu trữ: | Mạng thư viện Đại học Đà Nẵng |
|---|
| LEADER | 01673nam a2200409 4500 | ||
|---|---|---|---|
| 001 | 000019306 | ||
| 003 | 15741 | ||
| 005 | 20140416150440.0 | ||
| 008 | 140416s2008 viesd | ||
| 020 | |c 25000 | ||
| 041 | 0 | |a vie | |
| 082 | 1 | 4 | |a 959 |b Hoa |
| 245 | 0 | 0 | |a Hoàng Sa, Trường Sa là của Việt Nam |b sưu tập những báo cáo khoa học, bài báo và tư liệu mới về chủ quyền của Việt Nam đối với hai quần đảo Hoàng Sa và Trường Sa |c Nguyễn Nhã, v.v... |
| 260 | |a Tp.HCM |b Trẻ |c 2008 | ||
| 300 | |a 226 tr. |c 19 cm. | ||
| 490 | |a Tủ sách kiến thức. Saigon Times Foundation | ||
| 520 | 3 | |a Chủ quyền của Việt Nam đối với Hoàng Sa và Trường Sa - cơ sở lịch sử và pháp lý quốc tế; Bối cảnh và giải pháp cho tranh chấp trên Biển Đông. | |
| 650 | 0 | 4 | |a Chủ quyền |z Việt Nam (Hoàng Sa) |
| 650 | 0 | 4 | |a Chủ quyền |z Việt Nam (Trường Sa) |
| 653 | |a Quần đảo Hoàng Sa | ||
| 653 | |a Quần đảo Trường Sa | ||
| 653 | |a Chủ quyền | ||
| 700 | 1 | |a Nguyễn Nhã | |
| 700 | 1 | |a Nguyễn Đình Đầu | |
| 700 | 1 | |a Lê Minh Nghĩa | |
| 700 | 1 | |a Từ Đặng Minh Thu | |
| 700 | 1 | |a Vũ Quang Việt | |
| OWN | |a LSP | ||
| AVA | |a UDN50 |b LSP |d 959 Hoa |e available |t Error 5001 Not defined in file expand_doc_bib_avail. |f 2 |g 0 |h N |i 0 |k 1 | ||
| 999 | |a From the UDN01 | ||
| AVA | |a UDN50 |b LSP |d 959 Hoa |e available |t Error 5001 Not defined in file expand_doc_bib_avail. |f 2 |g 0 |h N |i 0 |k 1 | ||
| TYP | |a Monograph | ||
| TYP | |a Printed language | ||
| 980 | |a Mạng thư viện Đại học Đà Nẵng | ||